000 00571nam a2200169Ia 4500
003 GCL
008 140319s9999 xx 000 0 ara d
040 _aGCL /
_cGCL
082 0 4 _aق
_b962.064
_bا ع
100 1 _aانيس منصور
245 1 0 _aعبدالناصر :المفترى عليه والمفترى علينا /
_cانيس منصور
300 _a352 ص
490 _aالهيئة العامة للاستعلامات
_v0
650 0 4 _aجمال عبدالناصر
650 0 4 _aمصر - تاريخ - العصر الحديث (1805 - 1956 )
942 _2ddc
_cBK
999 _c48055
_d48055